| 000 | 01233nam0a2200301 4500 | ||
|---|---|---|---|
| 001 | RU\NLR\BIBL_A\011955746 | ||
| 005 | 20260406095308.0 | ||
| 010 | _a5-94038-110-3 | ||
| 035 | _a(NLR Aleph) 011955746 | ||
| 090 |
_a11174669 _c11174669 |
||
| 100 | _a20190307d2006 u y0rusy50 ca | ||
| 101 | 0 | _arus | |
| 102 | _aRU | ||
| 105 | _a z 000zy | ||
| 200 | 1 |
_aТихвинское осадное сидение 1613 г. _fО.А. Курбатов |
|
| 210 |
_aМосква _cЦейхгауз _d2006 |
||
| 215 |
_a47, [1] с. _cил. _d24 |
||
| 225 | 1 | _aСерия "Фонд военного искусства" | |
| 225 | 1 | _aВойны Московского государства | |
| 300 | _aНа обороте тит. л. авт.: Курбатов О.А., к.ист.н. | ||
| 320 | _aБиблиогр.: с. 45-47 (121 назв.) | ||
| 606 | 1 |
_aПольская и шведская интервенция в России _z17 в. _92103023 _3RU\NLR\AUTH\661575321 |
|
| 686 | 1 | _aТ3(2)45-457 | |
| 700 | 1 |
_7ca _8rus _aКурбатов _bО. А. _cисторик _gОлег Александрович _3RU\NLR\AUTH\770287714 _92689827 |
|
| 942 | _cBOOK | ||
| 980 | _aNB | ||